Kafka para principiantes /
Franz Kafka, escritor checo de lengua alemana, nació en 1883 en Praga en el seno de una familia judía y falleció, tras una existencia marcada por la angustia, en 1924 cerca de Viena, Austria. Kafka ya había proyectado en 1907 su novela Escenas de boda en el campo, de la que se conservan las páginas...
Сохранить в:
| Главный автор: | |
|---|---|
| Другие авторы: | |
| Формат: | |
| Язык: | испанский |
| Опубликовано: |
Buenos Aires, Argentina :
Era Naciente,
1995, c1995
|
| Серии: | (Documentales Ilustrados)
|
| Предметы: | |
| Метки: |
Нет меток, Требуется 1-ая метка записи!
|
MARC
| LEADER | 00000nam^a2200000^a^4500 | ||
|---|---|---|---|
| 001 | 000153470 | ||
| 005 | 20250521000000.0 | ||
| 009 | 20260310100319.475 | ||
| 020 | |a 987-9065-09-3 | ||
| 037 | |a Acervo ITESO - Biblioteca | ||
| 041 | |a ESP | ||
| 082 | |a 920. 02 |b PRI V. 5 | ||
| 100 | |a Mairowitz, David Zane |e (autor) | ||
| 240 | 1 | 1 | |a [Principiantes] |
| 245 | 1 | 0 | |a Kafka para principiantes / |c D.Z. Mairowitz ; il. de R. Crumb ; tr. por Florencia Rodríguez, Carina Fideleff. |
| 264 | 4 | |a Buenos Aires, Argentina : |b Era Naciente, |c 1995, c1995 | |
| 300 | |a 175 p. | ||
| 336 | |a texto |b txt |2 rdacontenido | ||
| 337 | |a sin mediación |b n |2 rdamedio | ||
| 338 | |a volumen |b nc |2 rdasoporte | ||
| 440 | 1 | |a (Documentales Ilustrados) | |
| 500 | |a Traducción de: Kafka for Begginers | ||
| 520 | |a Franz Kafka, escritor checo de lengua alemana, nació en 1883 en Praga en el seno de una familia judía y falleció, tras una existencia marcada por la angustia, en 1924 cerca de Viena, Austria. Kafka ya había proyectado en 1907 su novela Escenas de boda en el campo, de la que se conservan las páginas iniciales, pero se dio a conocer hasta 1913 con la colección de prosas Consideraciones y publicó en 1916 La metamorfosis, su obra más famosa. Kafka completó o bosquejó sus obras más importantes en los años 1910-1920, pero no quiso publicarlas y en su testamento pidió que fueran destruidas. Contra la voluntad del autor, su amigo Max Brod se encargó de sacarlas a la luz: los cuentos La condena (1916), En la colonia penitenciaria (1919) y El médico rural (1919), la colección La muralla china (1918) y las novelas inacabadas América (iniciada en 1910, editada en 1927), El proceso (1914-1915, publicada en 1924) y El castillo (1922, editada en 1926). En conjunto, la obra kafkiana es uno de los legados más importantes de las letras mundiales del siglo XX, que ha contado con admiradores excepcionales como el escritor argentino Jorge Luis Borges y cuya influencia se extiende a diversas expresiones artísticas, además de la literatura. La presente, es una introducción al mundo literario de Kafka, en donde los autores del texto y el ilustrador buscan el espíritu del escritor. | ||
| 649 | |a XX | ||
| 650 | |a Escritores Checos | ||
| 650 | |a Literatura Checa - |y Siglo XX | ||
| 650 | |a Literatura Checa - |x Historia y Crítica | ||
| 650 | |a Literatura en Alemán - |z Checoslovaquia | ||
| 650 | |a Literatura en Alemán - |x Historia y Crítica | ||
| 650 | |a Kafka, Franz | ||
| 700 | |a Crumb, Robert |e (ilustración) | ||
| 910 | |a Fondo General | ||
| 920 | |a Impresos - Libros | ||
| 930 | |a Colección General | ||
| 905 | |a 101 | ||
| 901 | |a 0500082108 |b IT1 |c ACC |u 20250521 | ||
| 902 | |a https://opac.biblio.iteso.mx/vufind/Record/000153470 | ||